Úlohy univerzít v regionálnych inovačných systémoch dizertačná práca

Uložené v:
Podrobná bibliografia
Hlavný autor: Špurek, Miroslav, 1992-
Korporativný autor: Národohospodárska fakulta EU. Katedra verejnej správy a regionálneho rozvoja
Ďalší autori: Rehák, Štefan, 1974-
Médium: Kniha
Jazyk:Slovak
Vydavateľské údaje: Bratislava 2022
Predmet:
Tagy: Pridať tag
Žiadne tagy, Buďte prvý, kto otaguje tento záznam!

MARC

LEADER 00000nbm a2200000 4500
001 0287274
005 20230302100430.4
041 0 |a slo 
044 |a SK 
245 1 0 |a Úlohy univerzít v regionálnych inovačných systémoch  |b dizertačná práca  |c Miroslav Špurek ; školiteľ: Štefan Rehák 
264 1 |a Bratislava  |c 2022 
300 |a 84 s. 
610 2 0 |a univerzity 
610 2 0 |a systém 
610 2 0 |a inovácia 
610 2 0 |a patenty 
610 2 0 |a regióny 
100 1 |a Špurek, Miroslav, 1992- 
700 1 |a Rehák, Štefan, 1974- 
710 2 |a Národohospodárska fakulta EU. Katedra verejnej správy a regionálneho rozvoja